Hiện tượng và tên gọi dân ca, ca dao /

محفوظ في:
التفاصيل البيبلوغرافية
المؤلف الرئيسي: Phan Đăng Nhật.
التنسيق: مقال
اللغة:Vietnamese
الموضوعات:
الوسوم: إضافة وسم
لا توجد وسوم, كن أول من يضع وسما على هذه التسجيلة!
Thư viện lưu trữ: Thư viện Trường Đại học Đà Lạt
LEADER 00728nam a2200265 4500
001 DLU090068089
005 ##20090420
040 # # |a DLU  |b vie 
041 # # |a vie 
044 # # |a vn 
100 # # |a Phan Đăng Nhật. 
245 # # |a Hiện tượng và tên gọi dân ca, ca dao /  |c Phan Đăng Nhật.  
653 # # |a Ca dao 
653 # # |a Dân ca 
653 # # |a Văn học dân gian 
773 # # |t Tạp chí văn học  |g Số2, 1978, tr. 91-98 
920 # # |a Phòng Tạp chí -- Trung tâm Thông tin - Thư viện Trường Đại học Đà Lạt 
994 # # |a DLU 
900 # # |a True 
911 # # |a Nguyễn Thị Linh Chi 
925 # # |a G 
926 # # |a A 
927 # # |a BB 
980 # # |a Thư viện Trường Đại học Đà Lạt